उपकार दिल्ली अधीनस्थ सेवा चयन बो्र्ड टी.जी.टी. भर्ती परीक्षा; (Record no. 68293)

MARC details
000 -LEADER
fixed length control field 01324nam a22002057a 4500
005 - DATE AND TIME OF LATEST TRANSACTION
control field 20120702123653.0
020 ## - INTERNATIONAL STANDARD BOOK NUMBER
International Standard Book Number 9789350130490
Terms of availability 385.00
100 ## - MAIN ENTRY--PERSONAL NAME
Personal name शर्मा, एच.पी.
245 ## - TITLE STATEMENT
Title उपकार दिल्ली अधीनस्थ सेवा चयन बो्र्ड टी.जी.टी. भर्ती परीक्षा;
Statement of responsibility, etc प्रवीण कुमार सिंह...(इत्यादि)
Remainder of title प्राकृतिक विज्ञानः भौतिकशास्त्र,रसायनशास्त्र,जन्तु विज्ञान, वनस्पति विज्ञान/
260 ## - PUBLICATION, DISTRIBUTION, ETC. (IMPRINT)
Place of publication, distribution, etc आगरा
Name of publisher, distributor, etc उपकार प्रकाशन
Date of publication, distribution, etc व.अ.
270 ## - ADDRESS
Address 2/11 ए, स्वदेशी बीमा नगर(शाह सिनेमा के सामने)
Postal code 282002
Telephone number 4053333
City आगरा
300 ## - PHYSICAL DESCRIPTION
Extent वि. पृ.
Dimensions 24सेंमीं (सजिल्द)
490 ## - SERIES STATEMENT
Series statement
-- 49782
700 ## - ADDED ENTRY--PERSONAL NAME
9 (RLIN) 49745
Personal name यादव, बी.एस.
700 ## - ADDED ENTRY--PERSONAL NAME
Personal name ए.पी..सिंह
9 (RLIN) 49777
700 ## - ADDED ENTRY--PERSONAL NAME
Personal name शर्मा, राजेन्द्र
9 (RLIN) 49778
942 ## - ADDED ENTRY ELEMENTS (KOHA)
Source of classification or shelving scheme Dewey Decimal Classification
Item type Hindi Books
Call number suffix शर्माए
Holdings
Withdrawn status Lost status Not for loan Home library Current library Date acquired Cost, normal purchase price Full call number Cost, replacement price Koha item type
      Andrews Gunj Andrews Gunj 02/07/2012 385.00 शर्माए 385.00 Hindi Books

© Delhi Public Library
Hit Counter
free hit counter